Educación y vida / (Record no. 12907)

000 -CABECERA
fixed length control field 00880nam a22002177a 4500
003 - IDENTIFICADOR DEL NÚMERO DE CONTROL
control field AR-CdUCM
008 - DATOS DE LONGITUD FIJA--INFORMACIÓN GENERAL
fixed length control field 190410b ||||| |||| 00| 0 spa d
040 ## - FUENTE DE LA CATALOGACIÓN
Agencia/entidad que catalogó originalmente la obra MUNICIPALIDAD PROVINCIAL DEL CUSCO
Entidad que transcribió la catalogación BIBLIOTECA MUNICIPAL DEL CUSCO
082 ## - NÚMERO DE LA CLASIFICACIÓN DECIMAL DEWEY
No. de la edición 3ed.
No. de Clasificación 370.12 /
Notacion interna M22 / 1964
100 ## - ENTRADA PRINCIPAL--NOMBRE DE PERSONA
Nombre Personal Mantovani, Juan
245 ## - MENCIÓN DE TÍTULO
Título Educación y vida /
260 ## - PUBLICACIÓN, DISTRIBUCIÓN, ETC.
Lugar de publicación, distribución, etc. Buenos Aires :
Nombre de la editorial, distribuidor, etc. Losada,
Fecha de publicación, distribución, etc. 1964.
300 ## - DESCRIPCIÓN FÍSICA
Nº de Páginas Extensión 175 páginas ;
Dimensiones 19 cm.
440 ## - MENCIÓN DE SERIE/PUNTO DE ACCESO ADICIONAL--TÍTULO
Título Biblioteca del Maestro.
9 (RLIN) 31034
505 ## - NOTA DE CONTENIDO CON FORMATO
Nota de contenido formateada Contenido: Problemas contemporáneos de filosofía de la educación -- Principios de educación -- Principios y exigencia de vida en al educación -- La educación y el espíritu de independencia -- La educación y el espíritu de comunidad ...
650 ## - PUNTO DE ACCESO ADICIONAL DE MATERIA--TÉRMINO DE MATERIA
Descriptor Educación
9 (RLIN) 460
650 ## - PUNTO DE ACCESO ADICIONAL DE MATERIA--TÉRMINO DE MATERIA
Descriptor Principios
9 (RLIN) 5198
650 ## - PUNTO DE ACCESO ADICIONAL DE MATERIA--TÉRMINO DE MATERIA
Descriptor Filosofía
9 (RLIN) 395
942 ## - ELEMENTOS DE PUNTO DE ACCESO ADICIONAL (KOHA)
Fuente de clasificación
Tipo de item Libros-BMC
945 ## - PROCESAMIENTO DE INFORMACIÓN LOCAL (OCLC)
Catalogador achl
AAAA-MM-DD - Fecha de ingreso o modificacion 2019-04-10
Holdings
Estado de retiro (separado) Fuente de clasificación o esquema de estanterías Estado dañado Ubicación Sala donde se ubica Nombre de la colección Fecha de adquisición o compra Costo, precio normal en soles Signatura topográfica Código de Barras Última vez visto (Koha) Tipo de ítem (Koha)
No     Sala Cusco Antiguo Sala Cusco Antiguo Book Cart 2019-04-10 40.00 370.12 / M22 / 1964 SCA0002474 2019-04-10 Libros-BMC

Powered by Koha